EXAMEN INGLES - Estadísticas

Estadísticas generales
  • Esta prueba ha sido intentada 14 veces
  • La puntuación promedio es 2 de 15
Estadísticas de respuestas
Hint Respuesta % Correcto
Disrupt Interrumpir
83%
Encourage Animar
42%
Shares Acciones
25%
Headquarter Sede
25%
Jeopardise Poner en peligro
17%
Perks Ventajas
17%
Burnout Agotamiento
8%
Foster Promover
8%
take time off Tomarse tiempo libre
8%
Undermine Debilitar
0%
Develop rapport Desarrollar una relación
0%
Lay someone off Despedir
0%
Severance package Indeminización
0%
Fringe benefits Prestaciones complementarias
0%
Appraisal Tasación
0%
No se encontraron pruebas coincidentes
Distribución de puntuación
Porcentaje de gente con cada puntuación
Porcentaje por número respondido
Historial de tus puntuaciones
No has intentado esta prueba.